Statistieken voor Beklimmingen uit de wielerklassiekers

Klik hier om de quiz te nemen!

Algemene statistieken

  • Deze quiz is 51 keer genomen
  • De gemiddelde score is 9 van 20

Antwoordstatistieken

Lengte (m)Top (m)KlassiekerTipBeklimming% Correct
40080Ronde van VlaanderenP{Pater}berg
76%
4.000169Milaan - San RemoPPoggio
76%
2.200111Ronde van VlaanderenOKOude Kwaremont
71%
1.075110Ronde van VlaanderenMvGMuur van Geraardsbergen
68%
1.450134Amstel Gold RaceC{Cau}berg
66%
6.000240Milaan - San RemoCCipressa
66%
2.100312Luik-Bastenaken-LuikRCôte de la {Redoute}
63%
60077Ronde van VlaanderenK{Koppen}berg
63%
1.400156Gent-WevelgemK{Kemmel}berg
58%
1.400206Luik-Bastenaken-LuikMvHMuur van Hoei
55%
1.700163Amstel Gold RaceK{Keuten}berg
39%
2.200495Luik-Bastenaken-LuikWCôte de {Wanne}
32%
8.000455Classica San SebastianJJaizkibel
24%
1.500220Luik-Bastenaken-LuikRaFRoche aux Faucons
24%
1.420176Luik-Bastenaken-LuikSNCôte de {Saint Nicolas}
21%
2.350505Luik-Bastenaken-LuikSStockeu
21%
1.100457Luik-Bastenaken-LuikSRCôte de {Saint Roche}
13%
710107Brabantse PijlSSchavei
11%
1.9201.105Ronde van LombardijeMvSMuur van Sormano
5%
1.400196Waalse PijlCCôte de {Cherave}
3%

Scoreverdeling

Percentiel versus Aantal Correcte Antwoorden

Procent van Mensen met Elke Score

Uw Scoregeschiedenis

U heeft deze quiz nog niet genomen